000 00276nam a22001337a 4500
008 170622b xxu||||| |||| 00| 0 eng d
020 _a9780192852946
041 _aeng
080 _a94
100 _a16
101 _aSHH
245 _aCRUSADES
_cSMITH,J,R
942 _2udc
_cBK
999 _c18646
_d18646